Riddle of the road (Record no. 80880)

MARC details
000 -LEADER
fixed length control field 01130cab a22002055a 4500
001 - CONTROL NUMBER
control field L145567
008 - FIXED-LENGTH DATA ELEMENTS--GENERAL INFORMATION
fixed length control field 081022e20080926xxk f v 000 0 eng d
035 ## - SYSTEM CONTROL NUMBER
System control number (Sirsi) u145567
041 0# - LANGUAGE CODE
Language code of text/sound track or separate title eng
100 1# - MAIN ENTRY--PERSONAL NAME
Personal name Gordon, Warren
245 00 - TITLE STATEMENT
Title Riddle of the road
260 ## - PUBLICATION, DISTRIBUTION, ETC.
Date of publication, distribution, etc. 2008
490 #0 - SERIES STATEMENT
Series statement Property Week
Volume/sequential designation 73(39) 26 September 2008, 94(1)
520 ## - SUMMARY, ETC.
Summary, etc. Summarises the case of Field Common Ltd v Elmbridge Borough Council [2008] EWHC 2079 (Ch), 27 August 2008 (see L145564). Constructing a road over another's land without permission may lead to the developer being liable for those who unlawfully use the road. The case concerned a case of trespass by a local council who tarmacked land without consent when widening a road, and how the damages for the trespass should be assessed. It was held that the council had encouraged nearby tenants of an industrial estate to trespass and the damages should reflect the extra rent the freeholder could have charged.
590 ## - LOCAL NOTE (RLIN)
Local note KA
650 24 - SUBJECT ADDED ENTRY--TOPICAL TERM
Topical term or geographic name entry element FIELD COMMON LTD V ELMBRIDGE BOROUGH COUNCIL
651 #4 - SUBJECT ADDED ENTRY--GEOGRAPHIC NAME
Geographic name England and Wales
Chronological subdivision 1543-
690 ## - LOCAL SUBJECT ADDED ENTRY--TOPICAL TERM (OCLC, RLIN)
Topical term or geographic name as entry element Boundary disputes
9 (RLIN) 6221
942 ## - ADDED ENTRY ELEMENTS (KOHA)
Suppress in OPAC 0
Holdings
Withdrawn status Lost status Source of classification or shelving scheme Damaged status Not for loan Home library Current library Shelving location Date acquired Total Checkouts Full call number Barcode Date last seen Copy number Price effective from Koha item type
    Dewey Decimal Classification     London London Journal article 22/10/2008   L145567 145567-1001 06/08/2019 1 06/08/2019 Journal article